Biggest Swiss Cities in 1900 - Statistics

General Stats
  • This quiz has been taken 124 times
  • The average score is 13 of 24
Answer Stats
Population City % Correct
1 150,703 Zurich
99%
3 64,227 Bern
98%
4 59,437 Geneva
96%
2 109,161 Basel
90%
5 46,732 Lausanne
89%
6 39,339 Lucerne
80%
8 33,116 St. Gallen
78%
22 9,394 Lugano
72%
9 22,335 Winterthur
72%
11 20,843 Neuchâtel
63%
10 22,016 Biel/Bienne
62%
13 15,794 Fribourg
61%
20 11,532 Chur
56%
14 15,275 Schaffhausen
49%
21 10,025 Solothurn
47%
24 8,986 Montreux-Châtelard
44%
7 35,968 La Chaux-de-Fonds
31%
19 11,781 Vevey
31%
15 13,497 Herisau
17%
17 12,559 Le Locle
11%
18 11,872 Les Eaux-Vives
6%
12 19,667 Plainpalais
5%
23 9,140 Rorschach
5%
16 12,590 Tablat
1%
No matching quizzes found
Score Distribution
Percent of People with Each Score
Percentile by Number Answered
Your Score History
You have not taken this quiz